TOP 10 pays qui investissent le plus d'argent dans leurs arm - Statistiques

Statistiques générales
  • Ce quiz a été pris 32 fois
  • Le résultat moyen est 7 sur 10
Statistiques - réponses
Dépenses militaires (2024, en milliards $) Pays % Correct
314 Chine
96%
64,7 France
96%
149 Russie
96%
997 USA
96%
88,5 Allemagne
93%
86,1 Inde
89%
55,3 Japon
89%
64,7 Ukraine
56%
81,8 Royaume-Unis
26%
80,3 Arabie Saoudites
4%
Aucun quiz correspondant
Distribution des résultats
% des personnes avec chaque résultat
Percentile par nombre de réponses
Votre historique - résultats
Vous n’avez pas pris ce quiz